Les imaginaires du canal de Suez : représentations littéraires et culturelles /

محفوظ في:

مؤلفون آخرون: Moussa, Sarga (المحرر), Sabry, Randa (المحرر)

التنسيق: كتاب

اللغة: French

منشور في: Paris : Éditions de la Sorbonne, 2019.

سلاسل: Sociétés & représentations, 1262-2966 ; 48.

الموضوعات:

الوسوم: إضافة وسم

لا توجد وسوم, كن أول من يضع وسما على هذه التسجيلة!

رقم الطلب: HE543 .S7419 I43

LEADER 00794nam a22002177a 4500
005 20260112125252.0
008 260112t2019 fr a b 000 0 fre d
020 |a 9791035103361 (br) 
040 |c ARCE Library 
050 1 4 |a HE543 .S7419  |b I43 
245 0 4 |a Les imaginaires du canal de Suez :   |b représentations littéraires et culturelles /   |c dossier dirigé par Sarga Moussa et Randa Sabry. 
260 |a Paris :   |b Éditions de la Sorbonne,   |c 2019. 
300 |a 320 pages :   |b illustrations ;   |c 24 cm. 
490 0 |a Sociétés & représentations, 1262-2966 ; 48. 
504 |a Bibliographical notes. 
651 0 |a Suez Canal (Egypt)   |x In literature. 
651 0 |a Egypt   |z Suez Canal. 
700 1 |a Moussa, Sarga,   |e editor 
700 1 |a Sabry, Randa,   |e editor 
942 |2 lcc  |c BK 
999 |c 48616  |d 48616